| 000 | 01123cam a2200337 i 4500 | ||
|---|---|---|---|
| 001 | 200461836 | ||
| 003 | TR-AnTOB | ||
| 005 | 20240925073650.0 | ||
| 007 | ta | ||
| 008 | 130228s2005 tu $r01 $$$$ tur utur d | ||
| 020 | _a9755394362 | ||
| 040 |
_aTR-AnTOB _beng _erda _cTR-AnTOB |
||
| 041 | 1 |
_atur _hfre |
|
| 050 | 0 | 0 | _aPQ3919.3.A78 |
| 090 |
_aPQ3919.3.A78 _bP819 2005 |
||
| 100 | 1 |
_aArcan, Nelly, _d1973-2009 _9146407 _eauthor |
|
| 240 | 1 | 0 |
_aPutain. _lTurkish. |
| 245 | 1 | 0 |
_aFahişe / _cNelly Arcan ; Fransızcadan çeviren Alev Özgüner ; yayına hazırlayan Yaşar Avunç. |
| 264 | 1 |
_aİstanbul : _bAyrıntı Yayınları, _c2005. |
|
| 300 |
_a154 pages ; _c20 cm |
||
| 336 |
_atext _btxt _2rdacontent |
||
| 337 |
_aunmediated _bn _2rdamedia |
||
| 338 |
_avolume _bnc _2rdacarrier |
||
| 490 | 0 |
_aAyrıntı Yayınları ; _vno. 447 _aYeraltı Edebiyatı Dizisi ; _vno. 24 |
|
| 500 | _aÖzgün eser adı: Putain. | ||
| 650 | 0 |
_aFransız romanı _926627 |
|
| 700 | 1 |
_aÖzgüner, Alev _etranslator _9146419 |
|
| 700 | 1 |
_aAvunç, Yaşar _epreparer _9135817 |
|
| 942 |
_2lcc _cBK |
||
| 999 |
_c200461836 _d80048 |
||